000 01066nam0a22002891 4500
001 rc\99485
005 20021216132914.1
010 _a5-86471-105-5
_910000
035 _a(NLR Aleph) 005363085
090 _a6919315
_c6919315
100 _a20021216d1996 u |0rusy50 ca
101 0 _arus
102 _aRU
105 _ay |||||||||
200 1 _aВозвращение к жизни
_fКатрин Маршант
_gПеревод с англ. В.К. Орехова
_g[Лит. обраб. В. Фридлянд]
210 _aМ.
_cФантом пресс интер В. М.
_d1996
215 _a252, [1] с.
_d17
225 1 _aПолнолуние
300 _aНа 1-й с. авт.: Катрин Маршант (Кэтрин Куксон)
300 _aПеред вып. дан. загл. сер.: Полнолуние любви
700 1 _aКуксон
_bК.
_f1906-
_gКэтрин
702 1 _aФридлянд
_bВ. Г.
_gВера Г.
_4570
801 0 _aRU
_bNLR
_gpsbo
801 1 _aRU
_bELAR
_2rusmarc
852 _aNLR
_j97-2/1293
942 _cBOOK
980 _aNB